00653 a2200181 4500003000500000005001700005020001800022040000900040082001400049100001800063110001100081245007800092260004500170300001600215505018300231650004600414651001100460Nust20170207165829.0 a9780387884912 cNust a621.38225 aYingying Chen2 aZhang.10aSecuring Emerging Wireless Systems (E-BOOK) bLower-layer Approaches /c. aBoston, MA :bSpringer-Verlag US,c2009. bv.: digital aIntroduction (Page-1) Part-I Secure Localization (Page-9) Part- II Defending Against Wireless Spoofing Attacks (Page-121) Part-III Defending Against Radio Interference (Page-173) 0aTelecommunications engineering - (E-BOOK) aE-Book